Statystyki dla Polska - Prawda czy fałsz?

Kliknij tutaj aby rozwiązać quiz!

Ogólne statystyki

  • Ten quiz został rozwiązany 6 625 razy
    (1 878 od ostatniego zresetowania)
  • Średni wynik to 6 z 10

Statystyki odpowiedzi

ZagadnienieOdpowiedź% Poprawnych
Stolica Polski to Szczecin.Fałsz
99%
Polska graniczy z Austrią.Fałsz
96%
Polska ma dostęp do morza, Bałtyckiego.Prawda
96%
Na Suwałkach używa się białoruskiego języka.Fałsz
80%
Polska to największy eksporter bursztynu na świecie.Prawda
62%
Polska posiada terytorium zamorskie.Fałsz
58%
W Rybniku (To miasto) jest najwięcej rond.Prawda
58%
W Polsce jest najstarsza restauracja w Europie.Prawda
41%
W 1988 roku Polska została podłączona do globalnego Internetu.Fałsz
38%
Najstarszy park narodowy w Polsce to Białowieski Park Narodowy.Fałsz
21%

Rozkład punktacji

Percentyl według liczby udzielonych odpowiedzi

Procent ludzi z każdym wynikiem

Twoja historia wyników

Nie rozwiązałeś tego quizu od ostatniego zresetowania